• 首页
  • 本馆介绍
  • 公告通知
  • 最新文献
  • 馆藏检索
  • 电子资源
  • 读者导购
  • 参考咨询
  • 我的图书馆
  • 登录
  • 详细信息显示
  • 放入我的书架
  • 预约/预借图书
  • 作者相关作品
  • 分类相关作品
  • 丛书相关作品
  • 出版社相关作品

书目信息

  • 表格格式
  • 工作单格式
  • 卡片格式
题名:
文献著录总则概说
    
 
作者: 黄俊贵 编
分册:  
出版信息: 北京   书目文献出版社  1984
页数: 110页
开本: 19cm
丛书名:
单 册:
中图分类: G254.31
科图分类:
主题词: 文献著录-编目规则--概论 , 编目规则-文献著录--概论
电子资源:
ISBN:
000 00683nam0 2200241 45
001 0184004560
005 20060810095835.14
010    @dCNY0.45
091    @a7201.60
100    @a19950124d1984 emky0chiy0121 ea
101 0  @achi
102    @aCN@b110000
105    @ay z 000yy
200 10 @a文献著录总则概说@Awen xian zhu lu zong ze gai shuo@f黄俊贵编
210    @a北京@c书目文献出版社@d1984
215    @a110页@d19cm
606    @a文献著录-编目规则@x概论
606    @a编目规则-文献著录@x概论
690    @aG254.31@v3
701  0 @a黄俊贵@Ahuang jun gui@4编
801  0 @aCN@b上海图书馆@c20060810
801  2 @aCN@bNLC@c20060809
905    @f8@b257218-225@dG254.31@e29@b168535@f1
    
    文献著录总则概说/黄俊贵编.-北京:书目文献出版社,1984
    110页;19cm
    
    
    ISBN :CNY0.45
    
●
相关链接 在E读中查询图书 在五车中查询图书 在当当中查询图书 在豆瓣中查询图书


正题名:文献著录总则概说     索取号:G254.31/29         预约/预借

序号 登录号 条形码 馆藏地/架位号 状态 备注
1 0168535   000502824   密集书库/ [索取号:G254.31/29] 在馆    
2 0168537   000502815   第一样本阅览室/ [索取号:G254.31/29] 在馆    
3 0257218   000502833   密集书库/ [索取号:G254.31/29] 在馆    
4 0257219   000502860   密集书库/ [索取号:G254.31/29] 在馆    
5 0257220   000502842   密集书库/ [索取号:G254.31/29] 在馆    
6 0257221   000502851   密集书库/ [索取号:G254.31/29] 在馆    
7 0257222   000502879   密集书库/ [索取号:G254.31/29] 在馆    
8 0257223   000502888   密集书库/ [索取号:G254.31/29] 在馆    
9 0257224   000502897   密集书库/ [索取号:G254.31/29] 在馆    
10 0257225   000502904   第四借阅区/ [索取号:G254.31/29] 在馆    
11 0447718   204477182   密集书库/ [索取号:G254.31/29] 在馆    
12 0447719   204477191   密集书库/ [索取号:G254.31/29] 在馆    
13 0448350   204483503   密集书库/ [索取号:G254.31/29] 在馆    
唐山师范学院图书馆 欢迎您!
大连网信软件有限公司© 版权所有